Mort subite : Les chansons de Mylène Farmer - Statistiques

Statistiques générales
  • Ce quiz a été pris 854 fois
  • Le résultat moyen est 11 sur 17
Answers on the Grid
Answers color-coded by a green-red scale on the quiz's grid according to % correct below.
N'oublie pas
Sans contrefaçon
Enchantée
C'est une belle journée
ACDC
Douce nuit
Libertine
Pourvu qu'elles soient douces
Texas
Ainsi soit je...
California
Dormir
Stolen Car
Non
Éteindre le ciel
Rêver
Garçon
XXL
Je t'aime mélancolie
Désenchantée
L'instant X
Mauvais jour
Rallumer les étoiles
Rolling Stone
Innamoramento
XS
Mélancolie
Oui mais... non
 
Statistiques - réponses
Réponse % Correct
Sans contrefaçon
96%
Libertine
82%
Désenchantée
78%
Pourvu qu'elles soient douces
78%
Ainsi soit je...
73%
C'est une belle journée
71%
Oui mais... non
68%
L'instant X
65%
XXL
65%
California
57%
Innamoramento
57%
Je t'aime mélancolie
55%
Rêver
54%
Stolen Car
52%
Rallumer les étoiles
48%
N'oublie pas
47%
Rolling Stone
42%
Aucun quiz correspondant
Distribution des résultats
% des personnes avec chaque résultat
Percentile par nombre de réponses
Votre historique - résultats
Vous n’avez pas pris ce quiz